| 000 | 00602nam a2200217 i 4500 | ||
|---|---|---|---|
| 001 | 135156 | ||
| 003 | ES-MaACL | ||
| 005 | 20230906194822.0 | ||
| 007 | t| | ||
| 008 | 070711s1971 sp ||||1| spa d | ||
| 080 | _a820-96"19" | ||
| 080 | _a115 | ||
| 100 | 1 |
_aTomas, Andrew. _9110497 |
|
| 245 | 1 | 3 |
_aLa barrera del tiempo / _cAndrew Tomas ; [traducción de Ramón Planes]. |
| 250 | _a[1ª ed.]. | ||
| 260 |
_a[Barcelona] : _bPlaza Janés, _c[1971] |
||
| 300 |
_a266 p., 3 h. : _bil. |
||
| 650 | 1 | 4 |
_aTiempo. _917529 |
| 700 | 1 |
_aPlanes, Ramón. _992557 |
|
| 852 |
_aES-MaACL _jC-38375 _bR.79240 |
||
| 999 |
_c135156 _d135156 |
||